LEADER 00780nam a2200217 u 4500 001 000000003415 003 CaOOAMICUS 005 20070226104533.0 008 940921s1946 it u000 u ita u 035 $a10089146 040 $aPUL(R)$bita 100 1 $aGiannini, Amedeo,$d1886-1960.$0(OLS)http://pul/name/3607 245 13$aIl cammino della "Conciliazione" /$cAmedeo Giannini. 260 $aMilano :$bVita e pensiero,$c1946. 300 $ax, 128 p. ;$c20 cm 850 $aPUL 852 $aPUL$W1$xDP2 Filosofia 1$y62$m113 E 36$j4525$nBK-PRI$b $qStampati$B4525$CPULBib$Z2$F4525 $81 941 1 $a8 961 $aINV: 24261 996 $6245$aIl cammino della "Conciliazione"$9(OLS)http://pul/title/5001 996 $6260$aMilano :$bVita e pensiero$9(OLS)http://pul/publisher/48016 LEADER 01332nam a2200277 u 4500 001 000000045388 003 CaOOAMICUS 005 20070226114645.0 008 990531s1970 it u000 u ita u 035 $a10824935 040 $aPUL(R)$bita 100 1 $aGrosso, Giuseppe.$0(OLS)http://pul/name/7480 245 10$aSchemi giuridici e società nella storia del diritto privato romano :$bdall'epoca arcaica alla giurisprudenza classica: diritto reali e obbligazioni /$cGiuseppe Grosso. 260 $aTorino :$bGiappichelli,$c1970. 300 $axi, 434 p. ;$c25 cm 490 1 $aCorsi universitari (G. Giappichelli) 504 $aBibliografia in nota. 650 4$aDiritto romano privato.$0(OLS)http://pul/subject/988 830 0$aCorsi universitari (G. Giappichelli).$0(OLS)http://pul/title/25553 850 $aPUL 852 $aPUL$W1$xSL Diritto e Scienze Sociali 1$y4$m187 H 124$j60988$nBK-PRI$b $qStampati$B60988$CPULBib$Z2$F60988 $H $81 941 1 $a8 960 $aDiritto privato romano$9988 961 $aINV: 68307 996 $6245$aSchemi giuridici e società nella storia del diritto privato romano :$bdall'epoca arcaica alla giurisprudenza classica: diritto reali e obbligazioni$9(OLS)http://pul/title/61195 996 $6260$aTorino :$bGiappichelli$9(OLS)http://pul/publisher/48244